000 00505nam a22001817a 4500
003 CEME
005 20210628210538.0
008 210201b xxu||||| |||| 00| 0 eng d
020 _a81-7100-926-3
040 _c.
082 _a954.91 PAK
100 _aGrover, Verinder,Arora, Ranjana
_979875
245 _aPakistan fifty years of independence
260 _aLAHORE
_bDEEP & DEEP
_c1997
300 _a544P
650 _aPAKISTAN FIFTY YEARS OF INDEPENDENCE.PAKISTAN 1947-1997
_979876
942 _cBK
_2ddc
999 _c584862
_d584862